00405nam a2200157Ia 45000010006000000050017000060080041000230410008000640820016000721000032000882450074001202600009001943000028002036500008002316540008002392450120260414151047.0260414t2018||||xx |||||||||||||| ||spa|| aESP a345.71bL97 aLuján Segura, HeldereAUT 0aLa medida cautelar :bcasos especiales de procedencia e improcedencia c2018 a283 páginas :c25 cm. aDER aCDE